Länder mit gleichen Anfangs- und Endbuchstaben - Statistiken

Allgemein
  • Dieses Quiz wurde 755 mal gespielt
  • Das Durchschnittsergebnis liegt bei 3 aus 7
Antwortstatistiken
Länder % Korrekt
Deutschland
74%
Angola
59%
Andorra
55%
Norwegen
52%
Antigua und Barbuda
37%
Elfenbeinküste
28%
St. Kitts und Nevis
16%
Keine übereinstimmenden Quizze gefunden
Verteilung der Resultate
Anzahl Personen mit jedem Resultat
Perzentil nach korrekt beantworteten Fragen
Ihre Resultats-Entwicklung
Sie haben dieses Quiz noch nicht gespielt